Normal view
MARC view
- Che Jun
Entry Personal Name
001 - CONTROL NUMBER
- control field: 83121
003 - CONTROL NUMBER IDENTIFIER
- control field: NUST
005 - DATE AND TIME OF LATEST TRANSACTION
- control field: 20211014103337.0
008 - FIXED-LENGTH DATA ELEMENTS
- fixed length control field: 211014|| aca||aabn | a|a d
040 ## - CATALOGING SOURCE
- Original cataloging agency: NUST
- Transcribing agency: NUST
100 ## - HEADING--PERSONAL NAME
- Personal name: Che Jun
670 ## - SOURCE DATA FOUND
- Source citation: Work cat.: (NUST): Che Jun , Social governance in China : practices of Zhejiang Province, 2018.
